Populárnejší než Ježiš Kristus?! : životopis Johna Lennona /

Uložené v:
Podrobná bibliografia
Hlavný autor: Molnár, Imre (Author)
Médium: Kniha
Jazyk:Slovak
Hungarian
Vydané: Bratislava : Obzor, 1991
Vydanie:1. vyd.
Témy:
ISBN: 8021501952 (brož.)
Fyzický popis: 196 s. : fotogr.
Tagy: Pridať tag
Žiadne tagy, Buďte prvý kto otaguje tento záznam!

MARC

LEADER 00000nam a2200000 a 4500
001 000014067
005 20051012134726.0
008 050804s1991 xo a e 000 0bsloo
020 |a 8021501952 (brož.) 
040 |a SVKKK  |b slo  |c SVKKK  |e AACR2 
041 1 |a slo  |h hun 
044 |a xo  |c SK 
072 7 |a 929  |x Biografie  |2 konspekt 
080 |a 929  |2 1997 
080 |a 785.16  |2 1997 
080 |a (092)  |2 1997 
100 1 |a Molnár, Imre  |4 aut 
245 1 0 |a Populárnejší než Ježiš Kristus?! :  |b životopis Johna Lennona /  |c Imre Molnár 
250 |a 1. vyd. 
260 |a Bratislava :  |b Obzor,  |c 1991 
300 |a 196 s. :  |b fotogr. 
600 1 7 |a Lennon, John,  |d 1940-1980  |2 SVKKKMA 
650 0 7 |a populárna hudba  |2 SVKKKPH 
655 7 |a biografie  |2 SVKKKPH 
919 |a 80-215-0195-2 
998 |a BK 
090 |g SCKHL  |k Sklad Pribinova 2. posch.  |a II.346057  |j 840855  |i 2720194183  |s Absenčne